000 00703nam a2200229 a 4500
001 25626
003 CO-ViMGA
008 141112s2004 ck r 000 u spa d
020 _a9789588454207
040 _aCO-ViMGA
_bspa
_cCO-ViMGA
041 _aSPA
090 _aC CHA21
100 1 _aChávez Castañeda, Ricardo, 1961 -
_939307
245 1 0 _aEl cadáver más bello del mundo /
_cRicardo Chávez Castañeda ; ilustraciones animalnacido
250 _a1a ed.
260 _aBogotá :
_bDesde abajo,
_c2010
300 _a82 p. : il. byn.
650 1 4 _aAUTORES MEXICANOS
_939308
650 1 4 _aCUENTOS MEXICANOS - SIGLO XX
_92269
650 1 4 _aLITERATURA MEXICANA - SIGLO XX
_92270
942 _2ddc
_cBK
999 _c5199
_d5199